000 00512nam a2200181Ia 4500
003 GCL
008 140319s9999 xx 000 0 ara d
040 _aGCL /
_cGCL
082 0 4 _a664.722
_bا ن
245 1 0 _aندوة\ استراتيجية انتاج القمح ومستقبله فى مصر
260 _a[S.N] :
_bالمركز المصرى الدولى للزراعة ،
_c1989
300 _a517 ص
490 _a
650 0 4 _aمصر
650 0 4 _aالقمح
650 0 4 _aندوات
942 _2ddc
_cBK
999 _c36725
_d36725